[Event "EU Union-ch U14 17th"]
[Site "Mureck"]
[Date "2019.08.04"]
[Round "5"]
[White "Gamsa, Clemens"]
[Black "Smirnova, Jekaterina1111"]
[Result "1/2-1/2"]
[WhiteElo "1640"]
[BlackElo "1372"]
[PlyCount "91"]
[EventDate "2019.07.31"]
[EventType "swiss"]
[EventRounds "9"]
[EventCountry "AUT"]
[SourceTitle "EXT 2020"]
[Source "ChessBase"]
[SourceDate "2019.10.17"]
[SourceVersion "1"]
[SourceVersionDate "2019.10.17"]
[SourceQuality "1"]

1. e4 c5 2. Nf3 Nc6 3. Bb5 e6 4. 0-0 Nge7 5. Re1 g6 6. c3 Bg7 7. d4 cxd4 8. cxd4 d5 9. e5 0-0 10. Nc3 a6 11. Bd3 f6 12. Bf4 fxe5 13. Bxe5 Nxe5 14. dxe5 Nc6 15. Qe2 b5 16. Rac1 Bb7 17. Nb1 Bh6 18. Rcd1 Bg7 19. Nbd2 Qb6 20. Rf1 Rac8 21. Nb3 Rfd8 22. Rc1 Bh6 23. Rcd1 Rc7 24. h4 Rf7 25. Nh2 Bf4 26. Ng4 Kg7 27. h5 Rdf8 28. hxg6 hxg6 29. Bb1 Ne7 30. Nf6 Bc8 31. Qg4 Bxe5 32. Nh5+ Kh6 33. Ng3 Bxg3 34. Qxg3 Nf5 35. Bxf5 Rxf5 36. Nd4 R5f6 37. Qc3 e5 38. Qe3+ Kg7 39. Qxe5 Bb7 40. Rc1 R8f7 41. Rc2 Kh7 42. Rfc1 Qd6 43. Qxd6 Rxd6 44. Rc7 Rdd7 45. Rxd7 Rxd7 46. Rc3 1/2-1/2

[Event "EU Union-ch U10 14th"]
[Site "Mureck"]
[Date "2016.08.08"]
[Round "6"]
[White "Anand, Aryan"]
[Black "Gamsa, Clemens"]
[Result "0-1"]
[WhiteElo "1145"]
[BlackElo "1298"]
[PlyCount "142"]
[EventDate "2016.08.03"]
[EventType "swiss"]
[EventRounds "9"]
[EventCountry "AUT"]
[SourceTitle "CBM 174 Extra"]
[Source "ChessBase"]
[SourceDate "2016.10.10"]
[SourceVersion "1"]
[SourceVersionDate "2016.10.10"]
[SourceQuality "1"]

1. d4 Nf6 2. c4 e6 3. Nf3 b6 4. e3 Bb7 5. Bd3 d5 6. b3 Bd6 7. Nbd2 0-0 8. 0-0 Nbd7 9. Qc2 h6 10. Bb2 Qe7 11. e4 dxe4 12. Nxe4 Nxe4 13. Bxe4 c6 14. Qc3 Bb4 15. Qc2 Nf6 16. a3 Bd6 17. Bd3 c5 18. Nd2 cxd4 19. Bxd4 Bxh2+ 20. Kxh2 Qd6+ 21. Kg1 Qxd4 22. g3 Rad8 23. Rfb1 Qxd3 24. Qxd3 Rxd3 25. Nf1 Rfd8 26. Ne3 Ne4 27. b4 Nxg3 28. Nc2 Nf5 29. c5 Bf3 30. Ne1 Rd1 31. Kh2 Rxb1 32. Rxb1 Rd1 33. Rxd1 Bxd1 34. c6 Nd6 35. Kg3 Nb5 36. Nd3 Nc7 37. Kf4 f6 38. Kg3 Ba4 39. Nf4 Kf7 40. Kh3 Bxc6 41. Kg3 b5 42. Kh3 Nd5 43. Nd3 e5 44. f3 Nc3 45. Kg3 Nb1 46. Nc5 Nxa3 47. Na6 e4 48. fxe4 Bxe4 49. Nc5 f5 50. Kf4 g5+ 51. Kg3 f4+ 52. Kh2 Bd5 53. Kg1 f3 54. Kf2 h5 55. Nd3 g4 56. Kg3 Bc4 57. Nc5 h4+ 58. Kxg4 f2 59. Kxh4 f1Q 60. Kg3 Qg1+ 61. Kf3 Qxc5 62. bxc5 b4 63. c6 Bd5+ 64. Ke3 Bxc6 65. Kd3 a5 66. Kd2 a4 67. Kc1 b3 68. Kb2 Nc4+ 69. Kb1 Be4+ 70. Ka1 b2+ 71. Ka2 b1Q# 0-1

[Event "EU Union-ch U10 14th"]
[Site "Mureck"]
[Date "2016.08.05"]
[Round "3"]
[White "Gamsa, Clemens"]
[Black "Vicze, Kata"]
[Result "1-0"]
[WhiteElo "1298"]
[BlackElo "1495"]
[PlyCount "131"]
[EventDate "2016.08.03"]
[EventType "swiss"]
[EventRounds "9"]
[EventCountry "AUT"]
[SourceTitle "CBM 174 Extra"]
[Source "ChessBase"]
[SourceDate "2016.10.10"]
[SourceVersion "1"]
[SourceVersionDate "2016.10.10"]
[SourceQuality "1"]

1. e4 c5 2. Nf3 Nc6 3. Bb5 e6 4. Bxc6 bxc6 5. c3 Nf6 6. e5 Nd5 7. 0-0 f6 8. Re1 Qc7 9. d4 cxd4 10. cxd4 Be7 11. Nc3 Nb6 12. Bf4 d6 13. exd6 Bxd6 14. Bxd6 Qxd6 15. Ne4 Qd5 16. Qc2 0-0 17. b3 Ba6 18. Rac1 Rac8 19. Nc5 Bb5 20. a4 Rfd8 21. axb5 cxb5 22. Qe4 Qxe4 23. Rxe4 Re8 24. Rce1 e5 25. b4 Nd5 26. dxe5 fxe5 27. Rxe5 Rxe5 28. Rxe5 Nxb4 29. g3 a5 30. Nb7 Nc6 31. Rxb5 Ra8 32. Rc5 Nb4 33. Rxa5 Rb8 34. Rb5 Nc6 35. Nd6 Rd8 36. Nf5 Rf8 37. N3d4 Nxd4 38. Nxd4 Rd8 39. Nc6 Rd6 40. Ne5 h6 41. h4 Kf8 42. Kg2 Ke7 43. Nf3 Kf7 44. Rb7+ Kf6 45. g4 Rd5 46. h5 Rc5 47. Rb6+ Kf7 48. Rg6 Rd5 49. g5 hxg5 50. Nxg5+ Kg8 51. h6 Rd7 52. Rxg7+ Rxg7 53. hxg7 Kxg7 54. Kf3 Kg6 55. Kf4 Kf6 56. f3 Kg6 57. Ne4 Kf7 58. Kf5 Kg7 59. Ke6 Kf8 60. Kf6 Ke8 61. Kg7 Ke7 62. f4 Ke6 63. Kg6 Ke7 64. f5 Kf8 65. Kf6 Kg8 66. Ke7 1-0

[Event "EU Union-ch U10 14th"]
[Site "Mureck"]
[Date "2016.08.03"]
[Round "1"]
[White "Gamsa, Clemens"]
[Black "Horn, Sarah"]
[Result "1-0"]
[WhiteElo "1298"]
[BlackElo "999"]
[PlyCount "115"]
[EventDate "2016.08.03"]
[EventType "swiss"]
[EventRounds "9"]
[EventCountry "AUT"]
[SourceTitle "CBM 174 Extra"]
[Source "ChessBase"]
[SourceDate "2016.10.10"]
[SourceVersion "1"]
[SourceVersionDate "2016.10.10"]
[SourceQuality "1"]

1. e4 e5 2. Nf3 Nc6 3. Nc3 Nf6 4. g3 d5 5. exd5 Nxd5 6. Nxd5 Qxd5 7. Bg2 Bg4 8. h3 Bh5 9. g4 Bg6 10. d3 0-0-0 11. Nh4 e4 12. Nxg6 hxg6 13. Bxe4 Qe5 14. Be3 Bb4+ 15. c3 f5 16. f4 Bxc3+ 17. bxc3 Qxc3+ 18. Bd2 Qd4 19. gxf5 gxf5 20. Bxf5+ Kb8 21. Rb1 Rhe8+ 22. Be4 Qxd3 23. Kf2 Rxe4 24. Rb2 Rxf4+ 25. Bxf4 Qxd1 26. Rxd1 Rxd1 27. Re2 a6 28. Re8+ Rd8 29. Re1 Rf8 30. Kg3 b5 31. Rc1 Kb7 32. Rb1 Nd4 33. Be5 Ne2+ 34. Kg2 Nf4+ 35. Kg3 Ng6 36. Bxg7 Rg8 37. Bc3 Ne7+ 38. Kh2 Nf5 39. Rf1 Ne3 40. Re1 Nc2 41. Re2 Na1 42. Bxa1 a5 43. Re5 Ka6 44. Rc5 Kb6 45. Bd4 Rd8 46. Rd5+ c5 47. Rxd8 cxd4 48. Rxd4 Kc5 49. Rg4 b4 50. h4 a4 51. h5 a3 52. Rg3 Kb5 53. h6 Ka4 54. h7 Kb5 55. h8Q Ka4 56. Qb8 Ka5 57. Rg7 Ka4 58. Ra7# 1-0